| 000 | 00460nam a2200169 4500 | ||
|---|---|---|---|
| 003 | SEACOMMC | ||
| 005 | 20250421154206.0 | ||
| 008 | 241007b |||||||| |||| 00| 0 eng d | ||
| 020 |
_a 81-72731-83-3 _cRs.125.00 |
||
| 040 | _aSEACOMMC | ||
| 082 |
_a174.907 _bR 256 |
||
| 100 | _aRavindranath, P K | ||
| 245 | 1 |
_aPress Laws and Ethics of Journalism _cP K Ravindranath |
|
| 260 |
_a Delhi _b Authorpress _c 2004. |
||
| 650 | _a Journalistic Ethics | ||
| 942 | _cBOOK | ||
| 999 |
_c639 _d639 |
||